000
00336nam a2200133 a 4500
005
20140414093836.0
008
030611s19uu xx 00 eng d
050
_a
CDR 770
_b
PHO 1995
245
_a
Photo CD Gallery #2 :
_b
for windows and macintosh.
650
_a
Photography.
650
_a
CD-ROM.
942
_c
AVM
999
_c
109044
_d
109044